Wortgemisch - Deutsche Lieder - Statistiken

Allgemein
  • Dieses Quiz wurde 1.767 mal gespielt
  • Das Durchschnittsergebnis liegt bei 13 aus 15
Antwortstatistiken
Hint Antwort % Korrekt
gTae wei esied Tage wie diese
96%
meAtsol ruchd ide chNat Atemlos durch die Nacht
94%
urN ochn rukz eid lWet etrten Nur noch kurz die Welt retten
94%
ineM kolcB Mein Block
93%
neMhsc Mensch
92%
iLal kWelon Lila Wolken
91%
urN trGemäut Nur Geträumt
91%
ltaH hidc na rim stef Halt dich an mir fest
89%
elAls une Alles neu
88%
weSchlu dchMäen Schwule Mädchen
87%
orbeGen mu uz beeln Geboren um zu leben
84%
ndSakla mi rrbeSpikrze Skandal im Sperrbezirk
77%
tnecniV Vincent
75%
nehinStemrelm Sternenhimmel
71%
eneroGld reRtie Goldener Reiter
69%
Keine übereinstimmenden Quizze gefunden
Verteilung der Resultate
Anzahl Personen mit jedem Resultat
Perzentil nach korrekt beantworteten Fragen
Ihre Resultats-Entwicklung
Sie haben dieses Quiz noch nicht gespielt